[Event "6th San Cristobal Open A"]
[Site "Tenerife"]
[Date "2024.08.27"]
[Round "5.1"]
[White "Ivanov, Mike"]
[Black "Stefansson, Vignir Vatnar"]
[Result "1/2-1/2"]
[Annotator "Mike Ivanov"]
[WhiteElo "2364"]
[BlackElo "2526"]
[WhiteFideId "-1"]
[BlackFideId "-1"]
[PlyCount "53"]
[GameId "2263746692135779"]
[EventDate "2024.??.??"]
[EventType "swiss"]
[EventRounds "9"]
[EventCountry "ESP"]
[SourceTitle "Chess Canada 25"]
[Source "JohnUpper?CFC"]
[SourceDate "2025.06.29"]
[SourceVersion "1"]
[SourceVersionDate "2026.07.01"]
[SourceQuality "1"]

{Coming into this game, I finally got to the territory where a win would let me cross 2400 and get me to IM. I was tempted to go all out, but knew that Vignir was playing well and was still the heavy favourite in this game. In the past, I made the mistake of playing for the win in such cases out of hubris and arrogance. Two painful years corrected this habit.} 1. Nf3 d5 2. g3 Nc6 {He hadn't played this line before, hence I didn't have anything special, just general preparation from the previous year.} 3. d4 Bf5 4. c4 e6 5. Bg2 Nb4 {[#] We get something similar to a Reverse Jobava London. In that opening, pushing c5 isn't supposed to be good theoretically, as b5 a6 would be in White's favour. Here however, White has more ambitious options than defending with a3.} 6. O-O Nc2 {[#] After the game, he told me that he hadn't expected the rook sac line, and looked at it the night before by accident. I wish I had more such accidents!} 7. Nh4 {I knew that this and cxd5 were the two branches here, and h4 felt more solid to me. It was already strange playing this variation against a strong GM, but I didn't have anything else for the occasion. Besides, sometimes you can confuse stronger players with complications.} (7. cxd5 Nxa1 8. dxe6 Bxe6 (8... Bxb1 9. exf7+ Kxf7 10. Ne5+ {I couldn't remember how this went during this game, which influenced the decision to go for the "quieter" 7. h4}) 9. Nc3 c6 10. Ng5 Be7 11. Nxe6 fxe6 12. e4 Bb4 13. Be3 Nf6 14. Qe2 O-O 15. Rxa1 {1/2 Ivanov,M (2366)-Dorrance,A (2301) Summerside Maritime op 2025 (5) Ironically, both games were super sharp and both ended in draws.}) 7... Nxa1 8. Nxf5 exf5 9. Nc3 Qd7 10. cxd5 ({Arguably more precise is} 10. Nxd5 $5 c6 11. Nc3 Bb4 12. Qd3 Rd8 13. Bg5 Ne7 14. Bxe7 Bxe7 15. e3 O-O 16. Rxa1 $44) 10... Bb4 11. Qd3 {[#]} h6 {He played this without looking at the board, eyeing the ceiling where his memory could clearly make out this position from the night before. So far we're following known waters, but he blitzed it out, while I wasted way too much time triple-checking that this was all playable.} (11... Nf6 $6 12. Bg5 Be7 {Where white still keeps some momentum}) (11... Ne7 {is also playable, with a slight advantage to Black.}) 12. Bd2 Ne7 13. Rxa1 {[#]} Bxc3 {Perhaps he messed up the move order, or perhaps he started thinking for himself at the wrong time. Now white gets another chance to seize the initiative.} (13... O-O $1 {Would be great for black.} 14. a3 Bxc3 15. bxc3 Nxd5 16. c4 Nf6 17. Bxb7 Rab8 18. Bf3 Rfe8 $15) 14. bxc3 Nxd5 {[#] Since he played this quickly, I believed him that c4 was bad for some reason. Of course, it should be played for better or worse.} 15. e4 {A bit of wishful thinking since there was a childish part of me hoping for ...fxe4.} (15. c4 Nf6 (15... Ne7 16. Bxb7 Rb8 17. Bg2 O-O 18. d5 Rfe8 19. Bc3 $16) 16. Bb4 $1 {Now black is really in trouble.} (16. Bxb7 Rb8 17. Bg2 O-O {was what I didn't like, even if it's actually equal.}) 16... O-O-O 17. Rb1 c6 18. Bc5 $16 b6 19. Bxb6 $1 axb6 20. Rxb6 {Annihilation time.}) 15... Ne7 (15... fxe4 $2 16. Qxe4+ Ne7 17. Re1 $8 Kf8 18. Qxb7 $18) (15... Nb6 16. exf5 O-O 17. f6 $16) 16. exf5 ({editor - I'd be tempted by} 16. e5 {but even with the s it's hard to hold the center; e.g.} Rd8 $5 17. Bxb7 c5 18. Ba6 O-O 19. Be3 Nc6 $5 (19... f4 $5)) 16... Qxf5 17. Qe2 Qe6 {[#] Looking at this from afar, I thought the endgame might be tenable with the bishop pair. Yet the longer I looked, the more I realized how much suffering awaited. So I changed course, thankfully.} 18. Qb5+ (18. Qxe6 fxe6 19. Bxb7 Rb8 20. Be4 Rb2 21. Be3 Nd5 22. Bg6+ Kd7 $19 {With the b-file under their control, no bishop pair is stopping Black here.}) 18... c6 19. Qxb7 {Now, the play takes a forcing character, and I have no choice but to find the critical line. Black can't deviate either, as his own king is under assult.} O-O 20. Re1 Qxa2 21. Bxh6 {[#]} gxh6 (21... Rae8 22. Bxg7 Kxg7 23. Rxe7 Qa1+ 24. Bf1 Qxc3 25. Qxa7 Rxe7 (25... Qf3 $5 {may be a way to play for Black to play for the win, but White is holding objectively.}) 26. Qxe7 Qxd4 27. Qg5+ Kh7 28. Qf5+ Kg8 29. Bc4 $3 $11 {Superb way to hold the black rook down. Let's pretend I found it :)} Qxc4 30. Qg5+ $11 Kh7 31. Qh5+ Kg7 32. Qg5+ $11) 22. Qxe7 Rae8 {With the king open, and the pawns weak, Vignir has to go for trades.} 23. Qxe8 Rxe8 24. Rxe8+ Kg7 25. Bxc6 Qa1+ 26. Kg2 Qxc3 27. d5 {And here I offered a draw, thinking that it's finally a respectable time to do so. I was still nervous since the time situation wasn't great, Vignir was ahead by 30-60 minutes from the opening onward. The night before the first round, I had a chance to dine with the Icelandic delegation to Tenerife, and we got along well. Perhaps this influenced Vignir's decision to accept the draw here, and not torture me for another 100 moves like I would have done against someone lower-rated. Either way, I was grateful to come out of this crazy line alive.} ({[#] After} 27. d5 {play might have continued with...} Qb4 {Tougher attempt, stopping white from the blockade on the 4th rank. Yet even here, we have enough resources.} (27... a5 28. Re4 f5 29. Rf4 {With a fortress.}) 28. Kf3 f5 29. Kg2 a5 30. Re6 a4 31. d6 Qc4 32. Re7+ ({editor -} 32. d7 Qxe6 33. d8=Q Qxc6+ $11 {also draws, but that a4 pawn would worry me.}) 32... Kf6 33. Rc7 a3 34. d7 Qd4 35. Rc8 a2 36. d8=Q+ Qxd8 37. Rxd8 a1=Q 38. Bf3 {With a different fortress.}) 1/2-1/2

[Event "6th San Cristobal Open A"]
[Site "Tenerife"]
[Date "2024.08.28"]
[Round "6.3"]
[White "Garcia Padron, Jose"]
[Black "Ivanov, Mike"]
[Result "0-1"]
[Annotator "Mike Ivanov"]
[WhiteElo "2378"]
[BlackElo "2364"]
[WhiteFideId "-1"]
[BlackFideId "-1"]
[PlyCount "114"]
[GameId "2263746690112337"]
[EventDate "2024.??.??"]
[EventType "swiss"]
[EventRounds "9"]
[EventCountry "ESP"]
[SourceTitle "Chess Canada 25"]
[Source "JohnUpper?CFC"]
[SourceDate "2025.06.29"]
[SourceVersion "1"]
[SourceVersionDate "2026.07.01"]
[SourceQuality "1"]

{I was super nervous going into this game, knowing if I won, I'd be an International Master. Just to explain why this mattered so much, I had spent the better part of the previous 5 years preparing and working towards this moment. Countless adventures, close calls, and heartbreaks led up to this game, which could end it all. Up to 10 minutes before the game, I was feverishly trying to review the lines that may come up, cursing myself for leaving this to the last minute.} 1. Nf3 Nf6 2. d4 g6 3. Bf4 {[#] My opening plan was: Double Fianchetto against the London, King's Indian against d4, and e5 against the English, all of which he played regularly. The problem with experienced players is they have games in a whole bunch of systems, and even if he last played the Gligoric King's Indian in the 1990s, I still had to solve my problems there. Even walking to the board, I was horrified of him playing one of the lines I hadn't solved yet. Kids, do all your analysis at home and long in advance!} Bg7 4. e3 b6 5. Be2 Bb7 {[#] According to GM Tiviakov in his "Rock Solid Chess" book, the double fianchetto works great in this move order.} 6. c4 {Jose takes up the gauntlet and tries to punish my lack of space with the principled approach of taking the center. If he gets c3 and c2 in, e4 is unavoidable where Black gets squeezed and my b7 bishop becomes a liability.} c5 {Since I may not get another chance, I go for all possible pawn breaks that undermine the center.} (6... d6 7. O-O Nbd7 8. Nc3 Ne4 {was also possible, of course.}) 7. d5 b5 (7... d6 8. Nc3 O-O 9. e4 {White manages to consolidate the center, and black gets a horrible Benoni.}) 8. O-O (8. cxb5 Nxd5 9. Be5 Bxe5 10. Nxe5 Qc7 11. Nc4 Nf6 12. O-O d5 $15 {The center takes priority over their queenside majority here.}) 8... bxc4 {[#] I never know what to do with these hanging c-pawns. Apparently it's better to keep the tension so that the white knight doesn't get too comfy on c3, but I was too tense already.} 9. Nc3 (9. d6 e6 10. Nc3 O-O 11. Rc1 {I didn't know how to evaluate this either. Black's pieces find squares, but white has targets on the c-file and a potential e5 post.}) 9... d6 {I wasn't going to tempt fate a second time, better to cover d6 forever.} 10. e4 Nbd7 {[#]} 11. Qc1 {This seemed unnatural at best. I get that Jose wants to get rid of the dragon bishop on g7 while keeping the d2 square for the knight. Yet this waste of time lets me keep the c-pawn while white doesn't fully get to reinforce their center. The remaining black pieces become respectable.} (11. Bxc4 {was the natural and best path forward, where I still have too many pieces for the space available. If I can trade off two minor pieces, life would be swell.} O-O 12. h3 Nb6 13. Be2 Qc8 14. Qd2 Ba6 15. Rfe1 Bxe2 16. Rxe2) 11... O-O 12. Bh6 Nb6 {[#] Even though there are cases where the c4 pawn is more of a nuisance than a strength like in the King's Indian Saemisch variation, here it's rapidly gaining in value, so let's keep it.} 13. Bxg7 Kxg7 14. Nd2 {White wants to get both the pawn and the outpost, but all these pieces going backward is a surefire sign that we should be going forward.} e6 $1 15. dxe6 fxe6 {[#] With the bishop coming alive on b7, black can say they solved all their opening problems.} 16. e5 $6 {White probably realized that the pawn armada after ...d5 would be too formidable, and tries to break it up.} (16. Nxc4 Nxe4 {white has a hard time getting their pawn back, considering that e4 also needs protection.} 17. Nxe4 Bxe4 18. Qc3+ Kg8 19. Qe3 Bd5 $17 {The hanging pawns might be precarious, but the bishop on d5 makes them feel a lot more secure.}) (16. Rd1 d5 17. Nxc4 d4 18. Na5 Bxe4 19. Nxe4 Nxe4 20. f3 (20. Bf3 $2 Rxf3 $1 {naturally} 21. gxf3 Ng5 $17) 20... Qf6 $1 {Black is pressing, even if the position is objectively fine for white.}) 16... Nfd5 {This is the problem with 16. e5 as a concept: White might break the pawns, but the black piece activity is becoming too much here. The f4 square, plus the long diagonal, the f-file for our rook, and the queen coming g5/h4 makes White's kingside a shooting range.} (16... dxe5 {I knew that this should also be good as black is getting excellent piece play and the king is weak on g1. Yet the double pawns gnawed at me.} 17. Nxc4 (17. Bf3 Bxf3 18. Nxf3) 17... Nxc4 18. Bxc4 Ng4 19. h3 Nxf2 20. Rxf2 Rxf2 21. Kxf2 Qd4+ 22. Kg3 Qxc4 $19) {[#]} 17. Nce4 $2 {Allowing black to run away with the initiative.} (17. exd6 {White should have gone for this, for better or worse.} Nf4 18. Bf3 Nd3 19. Qc2 Rxf3 {Black has to keep the attack going, but this isn't as devastating as in other variations.} 20. Nxf3 Bxf3 21. gxf3 Qxd6 22. Rad1 Rf8 $15) 17... Nf4 {At this point I realized that there are very real winning chances with such vicious attackers.} 18. Bf3 Nd3 19. Qc3 {[#]} Nd5 (19... d5 {I thought this was good for me but unclear. In fact, it's killing:} 20. Nd6 Bc6 21. N6xc4 Rxf3 $1 22. Ne3 Nf4 $1 $19 {editor - I can't see it, so here's an essential but not obvious line:} 23. Qxc5 {gets off the e2+ fork and hits the loose , so} Rh3 $3 $19 {Black ignores it!} 24. gxh3 ({Black was threatening the Anastasia mate:} 24. Qxc6 $2 Ne2+ 25. Kh1 Rxh2+ 26. Kxh2 Qh4#) 24... Rc8 $8 (24... Bb7 $2 25. Ng4 $11) 25. f3 (25. Nf3 d4 26. Nxd4 Nxh3#) 25... d4 26. Ng4 Nxh3+ 27. Kg2 Bxf3+ 28. Rxf3 Rxc5 $19) 20. Qxc4 Nxe5 {[#] How could I resist such knights!} 21. Qe2 Qe7 {Healthy move, which took me a while. There are so many tempting moves, it's important not to get carried away. Black supports all their weak spots, while connecting the rooks for the attack and preparing an eventual ...d5 by covering c5. On top of that, White can't unravel easily as their minor pieces are stuck!} (21... Nf4 $5 22. Qe3) (21... Nxf3+ 22. Nxf3 Nf4 23. Qe3 {This looked strong but not forcing enough.}) 22. Rfe1 {It's hard to suggest moves for white here. Now the problem is the queen is short on squares.} Nf4 23. Qe3 Ned3 {[#] Already we're winning an exchange, to add to the pawn we stole earlier.} 24. g3 (24. Rf1 d5 25. Ng3 d4 {Poor queen. I was hoping for such a classy way to get the title!}) 24... Nxe1 25. Rxe1 Nd5 26. Qb3 {The attack paid us handsomely, but now the smoke has cleared. White finally manages to untangle, and I need to find a winning plan.} Rab8 {[#] I have lost a lot of these winning positions, and couldn't believe my luck from the opening. So my thinking was, just play one move at a time that can't be bad. Avoid big risks and try not to blunder anything big.} 27. Bg2 Ba8 28. Qa3 Nb6 {You can start to see how black is getting over-cautious, allowing white to get some activity. I was super-focused on stopping their threats and potential play like Nc4, but this is a bit passive.} (28... Nb4 $142 29. Qc3+ e5 30. a3 Nc6 31. h4 Nd4 $1 $19 {The correct plan.}) 29. h4 h6 {[#] I spent that whole summer reading Tiviakov's "Rock Solid Chess", and here I was following his spirit in playing ultra-safe first. I was hoping white's position would self-combust, but of course black needs to find a way in eventually.} 30. f4 Bd5 {The bishop stands dignified on this outpost, holding black's camp together. It frees my queen for more important duties.} 31. b3 Kg8 {I was having trouble conjuring a cohesive plan, but one-move threats like b2 are easier to stop.} 32. Kh2 {[#]} Rbd8 $2 {Missing a strong and fairly simple tactic. Sadly, I was still in anxious chicken mode, making sure that their pieces couldn't hurt anything. Otherwise, I'd find ...xf4!} (32... Rxf4 $1 33. gxf4 (33. Re2 Rf5 34. Qa6 Rbf8 $19 {With the open f-file, black should find a winning plan soon enough.}) 33... Qxh4+ 34. Bh3 Qxe1 35. Qxa7 Rb7 36. Bxe6+ Kh7 $1 37. Qa6 Bxe4 38. Nxe4 Qxe4 $19) 33. Bh3 Qg7 34. Qa5 Kh8 {Still being over-cautious, but it's not easy to decide on any concrete action here.} 35. Qa6 e5 {Since I can't really push ...c4, or move my bishop to play ...d5, the plan has to be connected to ...e5. At this point, any open file is a blessing for Black.} 36. fxe5 {[#]} dxe5 ({Apparently} 36... Bxe4 {is more precise according to engine, since we can get at White's king quicker. Yet I wanted no risk at all here.} 37. Nxe4 Qxe5 38. Qxa7 Nd5 39. Bg2 Ne7 40. Qa5 Nf5 41. Qc3 {Only way to stop the attack.} Qxc3 42. Nxc3 Rde8 {With a winning endgame.}) 37. Re2 (37. Nxc5 Rf2+ $19) 37... Qc7 {Incredibly, even this is tedious to convert as White covers all the key squares on the f-file. The gold is so close, yet so far!} 38. Qa5 {We were approaching serious time trouble so I thought it's time to clarify things with some trades. Even though the bishop is pretty on d5.} Bxe4 39. Nxe4 Nd5 {[#]} 40. Qe1 (40. Qxc5 Qxc5 41. Nxc5 Nc3 42. Rxe5 Rd2+ 43. Kh1 Rd1+ 44. Kg2 Rd2+ 45. Kh1 Rff2 $19 {Black's rooks on the second should suffice.}) 40... Nf6 {At this point I was so sick of that knight, a mere pawn seemed a small price to pay to remove it.} 41. Nxf6 Rxf6 42. Rxe5 Qd6 {Dreaming of a queen trade on d2.} 43. Bg2 Qd4 {When in doubt, centralize.} 44. Re7 Rd7 {[#]} 45. Re8+ (45. Rxd7 Qxd7 46. Qe3 {would be tough for me to meet, as risky action is required.} g5 (46... Kg7 47. Qxc5 {is dangerously close to a fortress for White.}) 47. hxg5 hxg5 48. Qxg5 Qd6 {Winning, but not so easy in a practical game.}) 45... Kg7 46. Re4 Qf2 47. Re7+ Rxe7 48. Qxe7+ Rf7 49. Qe5+ Kh7 {[#] Finally the dust has settled and we reach an exchange up heavy-piece endgame. It helps that our queenside pawns are on the right colour, and their king ain't the best either. This should be a matter of technique, but I was already shaking under psychological and time pressure.} 50. Qd5 ({Everything is losing, but} 50. h5 $5 {is the scarier move to meet,} gxh5 51. Kh3 Qf6 ({Never too late to mess things up!} 51... Qf5+ $4 52. Qxf5+ Rxf5 53. Be4 $18) 52. Qxh5 Qe6+ 53. Kh2 Rf5 54. Qd1 Rg5 55. Bf3 Kg7 56. Kg2 Qe5 57. Qd7+ Kh8 58. Qd8+ Rg8 59. Qh4 Qd6 {Eventually, White is tied down to g3, and Black can invade from the side.}) 50... h5 $1 {After this, the safety margin is quite large and I can press forever.} 51. Qe6 Qf5 52. Qe8 Kg7 {If they have a light-square bishop, our king lives on dark squares.} 53. Qe3 Rc7 {At this point we were down to a minute each, and my goal was not to hang anything.} 54. Qc3+ Qf6 {Eventually I realized my target is g3, and we have to get our queen to d6, after which the rook crawls to the 3rd rank to finish the job.} 55. Qa5 Qd6 {[#]} 56. Qb5 (56. Qc3+ {would be tougher resistance against my plan, in which case I'd have to come up with new ideas like getting a queen to e7, rook to d4, then queen to e5, coming after h4 and g3 together.}) 56... Re7 57. Qc4 Re3 {Finally! Hallelujah.   I felt no happiness at his handshake, that would come later. Instead there was a profound sense of relief. I kept thinking about the Lord of the Rings scene where the ring is finally thrown into the fire, and Frodo looks at Sam to say, "It's gone. It's done".   The game itself wasn't ingenious, but I was able to come up with enough pressure on the kingside to win material, and then demonstrate enough technique/solidity to convert it. This win also helped me get 2nd place in the final standings, but nothing compares to the title, which is the hardest project I've ever had to finish.} 0-1